[Event "Antioquia op"]
[Site "Antioquia"]
[Date "2020.03.08"]
[Round "9"]
[White "Larrea Munera, Johan Darwin"]
[Black "Alzate Henao, Carolina"]
[Result "1-0"]
[WhiteElo "1406"]
[BlackElo "1024"]
[PlyCount "47"]
[EventDate "2020.03.03"]
[EventType "swiss"]
[EventRounds "9"]
[EventCountry "COL"]
[SourceTitle "CBM 195 Extra"]
[Source "ChessBase"]
[SourceDate "2020.05.31"]
[SourceVersion "1"]
[SourceVersionDate "2020.05.31"]
[SourceQuality "1"]

1. e4 d5 2. exd5 Qxd5 3. Nc3 Qa5 4. Nge2 Nf6 5. g3 Bf5 6. Bg2 c6 7. 0-0 e6 8. d3 Bd6 9. Bd2 Qc7 10. Bf4 Nbd7 11. Bxd6 Qxd6 12. Qd2 0-0 13. Rad1 Nd5 14. Ne4 Qe7 15. Nd4 Bxe4 16. dxe4 N5f6 17. f4 e5 18. Nf5 Qe6 19. Bh3 Qe8 20. Nd6 Qb8 21. fxe5 Nxe5 22. Rxf6 gxf6 23. Qh6 Ng6 24. Nf5 1-0

[Event "Antioquia op"]
[Site "Antioquia"]
[Date "2020.03.06"]
[Round "5"]
[White "Alzate Henao, Carolina"]
[Black "Zapata Polo, Orlando Jose"]
[Result "1-0"]
[WhiteElo "1024"]
[BlackElo "1307"]
[PlyCount "67"]
[EventDate "2020.03.03"]
[EventType "swiss"]
[EventRounds "9"]
[EventCountry "COL"]
[SourceTitle "CBM 195 Extra"]
[Source "ChessBase"]
[SourceDate "2020.05.31"]
[SourceVersion "1"]
[SourceVersionDate "2020.05.31"]
[SourceQuality "1"]

1. e4 e5 2. Nf3 Nc6 3. d4 exd4 4. Bc4 Bc5 5. c3 dxc3 6. Bxf7+ Kxf7 7. Qd5+ Ke8 8. Qh5+ g6 9. Qxc5 d6 10. Qxc3 Nf6 11. Bg5 Rf8 12. 0-0 Kf7 13. Rd1 Kg8 14. e5 Ne4 15. Qb3+ Kh8 16. Bxd8 Rxd8 17. exd6 Nxd6 18. Ng5 Bf5 19. Qc3+ Kg8 20. Qf6 Rf8 21. Qc3 Rad8 22. Qg3 Ne4 23. Qb3+ Kh8 24. Rxd8 Rxd8 25. Nf7+ Kg7 26. Nxd8 Nxd8 27. Nc3 Nxc3 28. Qxc3+ Kg8 29. Re1 Ne6 30. Rd1 c6 31. Rd7 b6 32. Qf6 a6 33. Qf7+ Kh8 34. Qxh7# 1-0